00507nam a2200193 a 4500001001300000003000900013005001700022008004100039020000900080082001500089100002200104245004900126260003500175300000900210500003500219505001300254650002400267700002200291nice12345678IN_TiNIC20260116012701.0050524s1975 newa grp 000 0 urd  ac1500a907.2bHAS aHasan Al, Mahmood aArbon Mein Tarikh Nigari Ka Aghaz Aur Irteqa aNew DelhibMaktaba Jamiac1975 a224p aincludes index and biblioraphy2 aAppendex aHistoriography-Arab1 aHasan Al, Mahmood